Liste des noms de bouteilles de champagne - Statistiques

Statistiques générales
  • Ce quiz a été pris 56 fois
  • Le résultat moyen est 5 sur 19
Statistiques - réponses
Hint Réponse % Correct
1,5 L Magnum
86%
3 L Jéroboam
81%
6 L Mathusalem
60%
15 L Nabuchodonosor
50%
12 L Balthazar
40%
9 L Salmanazar
36%
18 L Melchior
26%
30 L Melchisédech
17%
4,5 L Réhoboam
17%
37,5 cl Fillette
14%
18,75 cl Quart
14%
25 cl Chopine
12%
9,4 cl Huitième
12%
75 cl Standard
10%
27 L Primat
7%
93 L Adélaïde
5%
150 L Sublime
5%
60 cl Médium
2%
26,25 L Souverain
2%
Aucun quiz correspondant
Distribution des résultats
% des personnes avec chaque résultat
Percentile par nombre de réponses
Votre historique - résultats
Vous n’avez pas pris ce quiz